<?xml version="1.0" encoding="UTF-8"?><?xml-stylesheet type="text/xsl" href="static/style.xsl"?><OAI-PMH xmlns="http://www.openarchives.org/OAI/2.0/" xmlns:xsi="http://www.w3.org/2001/XMLSchema-instance" xsi:schemaLocation="http://www.openarchives.org/OAI/2.0/ http://www.openarchives.org/OAI/2.0/OAI-PMH.xsd"><responseDate>2026-04-14T19:29:48Z</responseDate><request verb="GetRecord" identifier="oai:uvadoc.uva.es:10324/18366" metadataPrefix="marc">https://uvadoc.uva.es/oai/request</request><GetRecord><record><header><identifier>oai:uvadoc.uva.es:10324/18366</identifier><datestamp>2021-06-29T16:17:46Z</datestamp><setSpec>com_10324_38</setSpec><setSpec>col_10324_852</setSpec></header><metadata><record xmlns="http://www.loc.gov/MARC21/slim" xmlns:doc="http://www.lyncode.com/xoai" xmlns:xsi="http://www.w3.org/2001/XMLSchema-instance" xmlns:dcterms="http://purl.org/dc/terms/" xsi:schemaLocation="http://www.loc.gov/MARC21/slim http://www.loc.gov/standards/marcxml/schema/MARC21slim.xsd">
<leader>00925njm 22002777a 4500</leader>
<datafield tag="042" ind1=" " ind2=" ">
<subfield code="a">dc</subfield>
</datafield>
<datafield tag="720" ind1=" " ind2=" ">
<subfield code="a">Alarcón Grande, Ana Marta</subfield>
<subfield code="e">author</subfield>
</datafield>
<datafield tag="260" ind1=" " ind2=" ">
<subfield code="c">2016</subfield>
</datafield>
<datafield tag="520" ind1=" " ind2=" ">
<subfield code="a">El objetivo principal de este Trabajo de Fin de Grado es investigar la inmersión en la lengua española en un contexto anglófono. Esta propuesta se ha llevado a cabo en un colegio de Primaria de inmersión al español en Minnesota (EEUU). En primer lugar, se presenta el concepto de inmersión y las metodologías que utilizan este tipo de centros. De esta forma podremos sumergirnos en el contexto de un centro de estas características. Este trabajo trata sobre una experiencia especifíca en una clase de Ciencias de Cuarto Grado, con un resultado que ha generado motivación en el alumnado. La experiencia es aplicable a otras áreas de la inmersión lingüística</subfield>
</datafield>
<datafield tag="024" ind2=" " ind1="8">
<subfield code="a">http://uvadoc.uva.es/handle/10324/18366</subfield>
</datafield>
<datafield ind1=" " ind2=" " tag="653">
<subfield code="a">Español (Lengua) - Estudio y enseñanza - Estudiantes extranjeros</subfield>
</datafield>
<datafield ind1=" " ind2=" " tag="653">
<subfield code="a">Ciencias naturales - Estudio y enseñanza</subfield>
</datafield>
<datafield tag="245" ind1="0" ind2="0">
<subfield code="a">Propuesta de actividades para la asignatura de Ciencias en un colegio de inmersión en español en USA</subfield>
</datafield>
</record></metadata></record></GetRecord></OAI-PMH>